Contracts / (Record no. 40540)

MARC details
000 -LEADER
fixed length control field 01189nam a2200337 a 4500
001 - CONTROL NUMBER
control field vtls003026368
003 - CONTROL NUMBER IDENTIFIER
control field MY-SjTCS
005 - DATE AND TIME OF LATEST TRANSACTION
control field 20200306163243.0
008 - FIXED-LENGTH DATA ELEMENTS--GENERAL INFORMATION
fixed length control field 110218s2005 at 001 0 eng d
020 ## - INTERNATIONAL STANDARD BOOK NUMBER
International Standard Book Number 0409320986 (pbk.)
020 ## - INTERNATIONAL STANDARD BOOK NUMBER
International Standard Book Number 9780409320985 (pbk.)
039 #9 - LEVEL OF BIBLIOGRAPHIC CONTROL AND CODING DETAIL [OBSOLETE]
Level of rules in bibliographic description 201405081559
Level of effort used to assign nonsubject heading access points patrick
Level of effort used to assign subject headings 201102181336
Level of effort used to assign classification VLOAD
Level of effort used to assign subject headings 200910291415
Level of effort used to assign classification pushpa
Level of effort used to assign subject headings 200910270812
Level of effort used to assign classification meena
-- 200603030906
-- shah_rol
082 04 - DEWEY DECIMAL CLASSIFICATION NUMBER
Classification number 346.9402
Item number CUS
100 1# - MAIN ENTRY--PERSONAL NAME
Personal name Cusumano, Sam
9 (RLIN) 16237
245 10 - TITLE STATEMENT
Title Contracts /
Statement of responsibility, etc. Sam Cusumano, Leanne Wiseman, Sharon Christensen.
250 ## - EDITION STATEMENT
Edition statement 3rd ed.
260 ## - PUBLICATION, DISTRIBUTION, ETC.
Place of publication, distribution, etc. Sydney :
Name of publisher, distributor, etc. LexisNexis Butterworths,
Date of publication, distribution, etc. c2005.
300 ## - PHYSICAL DESCRIPTION
Extent xxii, 389 p. ;
Dimensions 24 cm.
490 1# - SERIES STATEMENT
Series statement Butterworths tutorial series
500 ## - GENERAL NOTE
General note Previous ed.: 1999.
504 ## - BIBLIOGRAPHY, ETC. NOTE
Bibliography, etc. note Includes bibliographical references and index.
590 ## - LOCAL NOTE (RLIN)
Local note Australian Degree Programme (UNISA) : LAWS1002
590 ## - LOCAL NOTE (RLIN)
Local note Legal Studies : 2LEG20
650 #0 - SUBJECT ADDED ENTRY--TOPICAL TERM
Topical term or geographic name entry element Contracts
Geographic subdivision Australia
9 (RLIN) 34180
700 1# - ADDED ENTRY--PERSONAL NAME
Personal name Wiseman, Leanne,
Dates associated with a name 1964-
9 (RLIN) 21065
700 1# - ADDED ENTRY--PERSONAL NAME
Personal name Christensen, Sharon,
Dates associated with a name 1966-
9 (RLIN) 230119
830 #0 - SERIES ADDED ENTRY--UNIFORM TITLE
Uniform title Butterworths tutorial series
9 (RLIN) 230120
920 ## - Programme
Programme AUDP (UNISA) : 240070
921 ## - Programme
Programme SAMSH : 78244
922 ## - Programme
Programme SAM : 138263
Holdings
Withdrawn status Lost status Source of classification or shelving scheme Damaged status Not for loan Home library Current library Date acquired Cost, normal purchase price Total Checkouts Barcode Date last seen Date last checked out Copy number Cost, replacement price Koha item type Public note Uniform Resource Identifier
Withdrawn   Dewey Decimal Classification     TC External Storage TC External Storage 26/10/2009 239.36 10 5000093832 05/12/2019 07/10/2013 1 239.36 Main Collection SAMxx,01000,03,GR  
Withdrawn   Dewey Decimal Classification     TC External Storage TC External Storage 04/09/2009 239.40   5000092892 05/12/2019 18/09/2009 1 239.40 Main Collection SAMSH,26000,03,GR  
    Dewey Decimal Classification     Taylor's Library-TU Taylor's Library-TU 03/03/2006   24 5000015507 05/12/2019 15/04/2014 1   Main Collection UNISA, 240070 Floor 3, Shelf 9 , Side 2, TierNo 3, BayNo 1